| 000 | 00643nam a2200181 4500 | ||
|---|---|---|---|
| 001 | 127853 | ||
| 003 | ES-MaACL | ||
| 005 | 20230906193113.0 | ||
| 007 | t| | ||
| 008 | 070214s1922 mx r ||||1| spa d | ||
| 100 | 1 |
_aRivera, Agustín. _997607 |
|
| 245 | 1 | 0 |
_aPrincipios críticos sobre el Virreinato de la Nueva españa y sobre la Revolución de Independencia _b: escritos en Lagos / _cpor Agustín Rivera. |
| 260 |
_aMéxico : _bDepartamento Editorial de la Secretaría de Educación, _c1922. |
||
| 300 |
_a1 v. ; _c19 cm. |
||
| 500 | _aEs el v. I. | ||
| 710 | 2 |
_aMéxico. _bSecretaría de Educación. _95703 |
|
| 852 |
_aES-MaACL _jG-7717 |
||
| 999 |
_c127853 _d127853 |
||